000 01470nam0a22003011 4500
001 rc\3943377
005 20250611032357.0
021 _aRU
_b[56-42850]
035 _a(NLR Aleph) 008039539
090 _a8872316
_c8872316
100 _a20130415d1956 |||y0rusy50 ca
101 0 _arus
102 _aRU
105 _ay g |||||
200 1 _aСправочник по оплате труда за заготовки и закупки сельскохозяйственных продуктов и сырья
210 _aМосква
_cИзд-во Центросоюза
_d1956
215 _a163 с.
_d23
300 _aСост. указан на обороте тит. л.
300 _aНа переплете загл.: Справочник по оплате труда заготовителей сельскохозяйственных продуктов и сырья
517 0 _aСправочник по оплате труда заготовителей сельскохозяйственных продуктов и сырья
606 _aЗаготовительные организации
_xЗаработная плата
_2psbo
606 _aПотребительская кооперация
_xЗаготовительная работа
_2psbo
700 1 _aЛехова
_bЗ.Н.
_gЗинаида Наумовна
_4220
801 0 _aRU
_bNLR
_gpsbo
801 1 _aRU
_bELAR
_2rusmarc
852 _aNLR
_jЭк50 Г-5/141
942 _cBOOK
980 _aNB